000 01035nam a2200313Ia 4500
000 nam a22 i 4500
001 UNACH-6168
007 ta
008 221212s ||||fr|||| 00| | spa d
020 _a978-958-410-301-7
041 0 _aspa
082 0 4 _a658
_bAdministración general, administración de empresas
100 1 _aChiavenato, Idalberto,
_eautor
245 1 0 _aAdministración en los nuevos tiempos
250 _a1a ed
264 3 1 _aColombia :
_bNomos S. A. :
_bMc Graw-Hill,
_c2003
300 _a711 páginas :
_bilustraciones, tablas, gráficos
336 _atexto
_btxt
_2rdacontent
337 _ano mediado
_bn
_2rdamedia
338 _avolumen
_bnc
_2rdacarrier
504 _aIncluye índice.
505 0 _aIntroducción a la administración moderna.-- Administración en el siglo XXI.-- Planeación.-- Organización.
650 1 4 _aADMINISTRACIÓN
650 2 4 _aORGANIZACIÓN
650 2 4 _aPLANEACIÓN
653 0 _aAdministracion general, administración de empresas
942 _2ddc
_c1
_n0
999 _c4992
_d4992